书目信息 |
| 题名: |
有机化学实验
|
|
| 作者: | 叶彦春 , 章军 , 郭燕文 主编 | |
| 分册: | ||
| 出版信息: | 北京 北京理工大学出版社 2007.08 |
|
| 页数: | 153页 | |
| 开本: | 26cm | |
| 丛书名: | ||
| 单 册: | ||
| 中图分类: | O62-33 | |
| 科图分类: | ||
| 主题词: | 有机化学--you ji hua xue--化学实验--高等学校--教材 | |
| 电子资源: | ||
| ISBN: | 978-7-5640-1278-6 | |
| 000 | 00990nam0 2200277 450 | |
| 001 | 012007776452 | |
| 005 | 20071106180151.48 | |
| 010 | @a978-7-5640-1278-6@dCNY18.00 | |
| 100 | @a20071106d2007 km y0chiy0120 ea | |
| 101 | 0 | @achi |
| 102 | @aCN@b110000 | |
| 105 | @aak a 000yy | |
| 106 | @ar | |
| 200 | 1 | @a有机化学实验@Ayou ji hua xue shi yan@f叶彦春, 章军, 郭燕文主编@Fye yan chun,zhang jun,guo yan wen zhu bian |
| 210 | @a北京@c北京理工大学出版社@d2007.08 | |
| 215 | @a153页@c图@d26cm | |
| 300 | @a高等院校实验课教材 | |
| 320 | @a有书目 | |
| 330 | @a全书共四章:第一章有机化学实验的基本知识;第二章有机化学实验的基本操作,介绍了物理常数测定、化合物分离提取技术、波谱技术、无水无氧操作等实验技术等。 | |
| 606 | 0 | @a有机化学@Ayou ji hua xue@x化学实验@x高等学校@j教材 |
| 690 | @aO62-33@v4 | |
| 701 | 0 | @a叶彦春@Aye yan chun@4主编 |
| 701 | 0 | @a章军@Azhang jun@4主编 |
| 701 | 0 | @a郭燕文@Aguo yan wen@4主编 |
| 801 | 0 | @aCN@b@c20071106 |
| 905 | @b264537-39@dO62-33@eY466@f3 | |
| 有机化学实验/叶彦春, 章军, 郭燕文主编.-北京:北京理工大学出版社,2007.08 |
| 153页:图;26cm |
| 高等院校实验课教材 |
| ISBN 978-7-5640-1278-6:CNY18.00 |
| 全书共四章:第一章有机化学实验的基本知识;第二章有机化学实验的基本操作,介绍了物理常数测定、化合物分离提取技术、波谱技术、无水无氧操作等实验技术等。 |
| ● |
| 相关链接 |
|
|
|
正题名:有机化学实验
索取号:O62-33/Y466
 
预约/预借
| 序号 | 登录号 | 条形码 | 馆藏地/架位号 | 状态 | 备注 |
| 1 | 264537 | 202645370 | 自科库401/401自科库 63排1列2层/ [索取号:O62-33/Y466] | 在馆 | |
| 2 | 264538 | 202645389 | 自科库401/401自科库 63排1列2层/ [索取号:O62-33/Y466] | 在馆 | |
| 3 | 264539 | 202645398 | 自科库401/401自科库 63排1列2层/ [索取号:O62-33/Y466] | 在馆 |